000
00325 a2200157 4500
001
73745
020
_a
8588543109
040
_c
Anchieta - Colégio São Paulo
100
_a
Jacinto, António
240
1
0
_a
Poemas
_l
por
245
1
0
_a
Poemas
300
_a
53
362
0
_a
2004
650
4
_a
Poesia portuguesa
942
_c
BK
999
_c
73745
_d
73745